000 00521nam a2200205Ia 4500
005 20240823025016.0
008 240823s9999||||xx |||||||||||||| ||und||
020 _a81-314-088-3
041 _aENGLISH
082 _A332.46 P7
100 _aPramod Rao
245 0 _a"International Monetary Fund, changing role"
250 _a1st
260 _c2007
_bICFA I University
500 _aYES
650 _aInternational Monetary Fund
_bManagement Studies
700 _a Simantee Sen
942 _cBK
999 _c185281
_d185281